Vector mechanics for engineers (Record no. 4856)

000 -LEADER
fixed length control field 00594nam a2200217 a 4500
001 - CONTROL NUMBER
control field 4856
003 - CONTROL NUMBER IDENTIFIER
control field BD-DhUET
008 - FIXED-LENGTH DATA ELEMENTS--GENERAL INFORMATION
fixed length control field 840307s1984 nyua 001 0 eng
020 ## - INTERNATIONAL STANDARD BOOK NUMBER
International Standard Book Number 0070044384
040 ## - CATALOGING SOURCE
Original cataloging agency DLC
Transcribing agency DLC
Modifying agency BD-DhUET
082 00 - DEWEY DECIMAL CLASSIFICATION NUMBER
Classification number 620.1
Item number BEE/1984
100 ## - MAIN ENTRY--PERSONAL NAME
Personal name Beer, Ferdinand P.
245 10 - TITLE STATEMENT
Title Vector mechanics for engineers
Remainder of title statics and dynamics
250 ## - EDITION STATEMENT
Edition statement 4th ed.
260 ## - PUBLICATION, DISTRIBUTION, ETC. (IMPRINT)
Place of publication, distribution, etc. New York
Name of publisher, distributor, etc. McGraw-Hill
Date of publication, distribution, etc. 1984
300 ## - PHYSICAL DESCRIPTION
Extent xxi, 926 p.
Other physical details ill.
Dimensions 24 cm.
504 ## - BIBLIOGRAPHY, ETC. NOTE
Bibliography, etc Includes bibliographies
650 #0 - SUBJECT ADDED ENTRY--TOPICAL TERM
Topical term or geographic name as entry element Engineering instruments
700 1# - ADDED ENTRY--PERSONAL NAME
Personal name Johnston, E. Russell
942 ## - ADDED ENTRY ELEMENTS (KOHA)
Koha item type General Book
Holdings
Price effective from Piece designation (barcode) Koha issues (times borrowed) Koha date last seen Damaged status Withdrawn status Koha date last borrowed Koha item type Copy number Shelving location Lost status Source of classification or shelving scheme Date acquired Sublocation or collection (holding branch) Location (home branch) Not for loan Koha normalized classification for sorting Koha full call number
2014-11-2366051 2015-12-08   General Book1Circulation section  2014-11-23Central Library, BUETCentral Library, BUET 620_100000000000000_BEE_1984620.1/BEE/1984
2014-11-246604222022-06-20  2022-06-12General Book1Circulation section  2014-11-24Central Library, BUETCentral Library, BUET 620_000000000000000_1BEE1984620.1/BEE/1984
2014-11-296608642023-06-07  2023-01-10General Book1Circulation section  2014-11-29Central Library, BUETCentral Library, BUET 620_100000000000000_BEE_1984620.1/BEE/1984
2014-12-116604412025-05-28  2025-04-30General Book49Circulation section  2014-12-11Central Library, BUETCentral Library, BUET 620_100000000000000_BEE_1984620.1 /BEE/1984
2014-12-1166012 2015-02-23   General Book1Circulation section  2014-12-11Central Library, BUETCentral Library, BUET 620_100000000000000_BEE_1984620.1/BEE/1984
2015-01-1966043 2015-12-22   General Book6Circulation section  2015-01-19Central Library, BUETCentral Library, BUET 620_100000000000000_BEE_1984620.1/BEE/1984
2015-02-168133612022-12-13  2022-11-21General Book7Circulation section  2015-02-16Central Library, BUETCentral Library, BUET 620_100000000000000_BEE_1984620.1/BEE/1984
2015-04-016604812018-04-30  2018-04-18General Book1Circulation section  2015-04-01Central Library, BUETCentral Library, BUET 620_100000000000000_BEE_1984620.1/BEE/1984
2015-06-2166015 2015-06-21   Reading Item9Reading section  2015-06-21Central Library, BUETCentral Library, BUET 620_100000000000000_BEE_1984620.1/BEE/1984
2015-06-2266014 2015-06-22   General Book10Reading section  2015-06-22Central Library, BUETCentral Library, BUET 620_100000000000000_BEE_1984620.1/BEE/1984
2015-06-2266013 2015-06-22   General Book11Reading section  2015-06-22Central Library, BUETCentral Library, BUET 620_100000000000000_BEE_1984620.1/BEE/1984
2015-06-2966095 2015-06-29   Reading Item12Reading section  2015-06-29Central Library, BUETCentral Library, BUET 620_010000000000000_BEE_1984620.01/BEE/1984
2015-07-2875502 2015-07-28   General Book13Circulation section  2015-07-28Central Library, BUETCentral Library, BUET 620_100000000000000_BEE_1984620.1/BEE/1984